Statistiques concernant Les 20 préfectures les plus proches de Saint-Etienne

Cliquez ici pour prendre le quiz!

Statistiques générales

  • Ce quiz a été pris 131 fois
  • Le résultat moyen est 14 sur 20

Statistiques - réponses

distance (en km)ville préfecture% Correct
50Lyon
100%
108Clermont-Ferrand
94%
109Grenoble
92%
145Annecy
90%
69Valence
88%
59Le Puy en Velay
83%
107Bourg en Bresse
81%
120Chambéry
75%
102Macon
72%
150Moulins
71%
178Nimes
69%
169Avignon
67%
80Privas
67%
163Aurillac
65%
124Mende
63%
165Gap
59%
188Rodez
57%
197Nevers
56%
206Tulle
43%
164Lons le Saunier
40%

Distribution des résultats

Percentile par nombre de réponses

% des personnes avec chaque résultat

Votre développement - résultats

Vous n’avez pas pris ce quiz